| 000 | 00403cam a2200145ua 4500 | ||
|---|---|---|---|
| 003 | OSt | ||
| 008 | 221110b |||||||| |||| 00| 0 eng d | ||
| 041 | _aeng | ||
| 082 |
_a338.016 _bUNI/BI |
||
| 245 | _aBibliography of industrialisation in under-developed countries / | ||
| 260 |
_aGeneva : _bUnited Nations Publications , _c1956. |
||
| 300 | _a215 ; . | ||
| 490 | 0 | _aBiographical series, | |
| 942 | _cBK | ||
| 999 |
_c4772 _d4772 |
||